Advanced real analysis along with a companion volume basic real analysis (Record no. 787642)

MARC details
000 -LEADER
fixed length control field 00690nam a2200253Ia 4500
003 - CONTROL NUMBER IDENTIFIER
control field OSt
005 - DATE AND TIME OF LATEST TRANSACTION
control field 20220928130622.0
008 - FIXED-LENGTH DATA ELEMENTS--GENERAL INFORMATION
fixed length control field 220927b |||||||| |||| 00| 0 eng d
037 ## - SOURCE OF ACQUISITION
Terms of availability Textual
040 ## - CATALOGING SOURCE
Original cataloging agency SDCL
Transcribing agency SDCL
Language of cataloging eng
041 ## - LANGUAGE CODE
Source of code eng
Language code of text/sound track or separate title eng
100 ## - MAIN ENTRY--PERSONAL NAME
Personal name Knapp Anthony W
9 (RLIN) 475093
245 #0 - TITLE STATEMENT
Title Advanced real analysis along with a companion volume basic real analysis
260 ## - PUBLICATION, DISTRIBUTION, ETC.
Place of publication, distribution, etc. Boston
Name of publisher, distributor, etc. Birkhauser
Date of publication, distribution, etc. 2005
300 ## - PHYSICAL DESCRIPTION
Extent xxii, 465p
Dimensions cm.
490 ## - SERIES STATEMENT
Series statement Cornerstones
650 ## - SUBJECT ADDED ENTRY--TOPICAL TERM
Topical term or geographic name entry element Real Analysis
942 ## - ADDED ENTRY ELEMENTS (KOHA)
Classification part B37, P5
Koha item type Textual
Source of classification or shelving scheme Colon Classification (CC)
Holdings
Withdrawn status Lost status Damaged status Not for loan Home library Current library Date acquired Total Checkouts Full call number Barcode Date last seen Price effective from Koha item type
        South Campus Library South Campus Library 2022-09-28   B37 P5 SC1246302 2022-09-28 2022-09-28 Textual
Copyright @ Delhi University Library System